000 00664naa a2200217 i 4500
001 72311
003 ES-MaBCM
005 20241016115937.0
008 050121s2000 fra 000 0 fre d
021 _axx
035 _a(OCoLC)1365270363
040 _cES-MaBCM
041 0 _afre
043 _afra
245 0 0 _aLes transitions démocratiques regards sur l'État de la transitologie
520 _aDossier sobre el tema
650 2 7 _aCambio de régimen político
_957801
650 2 7 _aDemocracia
_958263
773 0 _aEn:
_tRevue française de science politique
_dParis : 2000
_w104469
_gv. 50, nº 4-5, août-oct., p. 579-764. - Loc. S.51
942 _cAREV
999 _c72311
_d72311